Elements of physical geography / (Record no. 13966)
[ view plain ]
| 000 -LEADER | |
|---|---|
| fixed length control field | 00464pam a2200181 i 4500 |
| 020 ## - INTERNATIONAL STANDARD BOOK NUMBER | |
| ISBN | 0471044598 |
| 040 ## - CATALOGING SOURCE | |
| Transcribing agency | DLC |
| 082 00 - DEWEY DECIMAL CLASSIFICATION NUMBER | |
| Classification number | 910 WIL 1979 A104 Or. |
| 100 1# - MAIN ENTRY--AUTHOR NAME | |
| Personal name | Strahler, Arthur Newell, |
| 245 10 - TITLE STATEMENT | |
| Title | Elements of physical geography / |
| 250 ## - EDITION STATEMENT | |
| Edition statement | 2d ed. |
| 260 ## - PUBLICATION, DISTRIBUTION, ETC. (IMPRINT) | |
| Place of publication | New York : |
| Name of publisher | Wiley, |
| Year of publication | c1979. |
| 300 ## - PHYSICAL DESCRIPTION | |
| Number of Pages | xii, 560 p. : |
| Other physical details | ill. ; |
| Dimensions | 29 cm. |
| 500 ## - GENERAL NOTE | |
| General note | Includes index. |
| 650 #0 - SUBJECT ADDED ENTRY--TOPICAL TERM | |
| Topical Term | Physical geography. |
| 700 1# - ADDED ENTRY--PERSONAL NAME | |
| Personal name | Strahler, Alan H., |
| 942 ## - ADDED ENTRY ELEMENTS (KOHA) | |
| Koha item type | សៀវភៅភាសាអង់គ្លេស |
| 952 ## - LOCATION AND ITEM INFORMATION (KOHA) | |
| Withdrawn status [LOCAL, KOHA] | 0 |
| Permanent Location | Date acquired | Koha item type | Lost status | Shelving location | Barcode | Current Location | Full call number |
|---|---|---|---|---|---|---|---|
| Library Block A | 2017-10-03 | សៀវភៅភាសាអង់គ្លេស | A104 | A19114 | Library Block A | 910 WIL 1979 A104 Or. |